Statistics for Countries named after historical figures

Click here to take the quiz!

General Stats

  • This quiz has been taken 109 times
  • The average score is 3 of 10

Answer Stats

CountryHistorical Figure% Correct
BoliviaSimon Bolivar
94%
ColombiaChristopher Columbus
80%
Cook IslandsJames Cook
69%
The PhilippinesPhilip II
33%
Saudi ArabiaAbdulaziz bin Abdulrahman al-Faisal al-Saud
12%
KiribatiThomas Gilbert
10%
Marshall IslandsJohn Marshall
8%
SeychellesJean Moreau de Sechelles
2%
SwazilandMswati II
1%
MauritiusMaurits van Oranje
0%

Score Distribution

Percentile by Number Answered

Percent of People with Each Score

Your Score History

You have not taken this quiz